00353nam a2200145Ia 4500008004000000041000800040082001100048100001400059245003700073260004800110650000800158650001700166650001600183650000800199210210b1931 xxu||||| |||| 00| 0 eng d aeng a824/77 aCLARK (C) aShakespeare and the supernatural aLondonbWilliams And Nortgate Limitedc1931 athe asupernatural aShakespeare aand